Úvod do obecné ekonomie
Salvato in:
| Autore principale: | |
|---|---|
| Altri autori: | , |
| Natura: | Libro |
| Lingua: | ceco |
| Pubblicazione: |
Praha
ALEKO
1991
|
| Edizione: | 1. vyd. |
| Tags: |
Nessun Tag, puoi essere il primo ad aggiungerne!!
|
MARC
| LEADER | 00000nam a2200000 4500 | ||
|---|---|---|---|
| 001 | c024379 | ||
| 005 | 20221214101750.3 | ||
| 041 | 0 | |a cze | |
| 044 | |a CZ | ||
| 245 | 1 | 0 | |a Úvod do obecné ekonomie |c Pavel Mertlík, Lada Rusmichová, Jindřich Soukup |
| 250 | |a 1. vyd. | ||
| 264 | 1 | |a Praha |b ALEKO |c 1991 | |
| 300 | |a 232 s. | ||
| 100 | 1 | |a Mertlík, Pavel | |
| 700 | 1 | |a Rusmichová, Lada | |
| 700 | 1 | |a Soukup, Jindřich | |